Strategic Issues in International Retailing / (Record no. 15168)

MARC details
000 -LEADER
fixed length control field 02606cam a22003858a 4500
001 - CONTROL NUMBER
control field 14140947
005 - DATE AND TIME OF LATEST TRANSACTION
control field 20101019122420.0
008 - FIXED-LENGTH DATA ELEMENTS--GENERAL INFORMATION
fixed length control field 051014s2006 nyu b 001 0 eng
010 ## - LIBRARY OF CONGRESS CONTROL NUMBER
LC control number 2005030133
020 ## - INTERNATIONAL STANDARD BOOK NUMBER
International Standard Book Number 0415343704 (hard cover)
020 ## - INTERNATIONAL STANDARD BOOK NUMBER
International Standard Book Number 9780415343701 (hard cover)
040 ## - CATALOGING SOURCE
Original cataloging agency DLC
Transcribing agency DLC
Modifying agency DLC
042 ## - AUTHENTICATION CODE
Authentication code pcc
050 00 - LIBRARY OF CONGRESS CALL NUMBER
Classification number HF5429
Item number .S77 2006
082 00 - DEWEY DECIMAL CLASSIFICATION NUMBER
Classification number 658.87
Edition number 22
Item number STR
245 00 - TITLE STATEMENT
Title Strategic Issues in International Retailing /
Statement of responsibility, etc Edited by John Dawson, Roy Larke, and Masao Mukoyama.
260 ## - PUBLICATION, DISTRIBUTION, ETC. (IMPRINT)
Place of publication, distribution, etc New York :
Name of publisher, distributor, etc Routledge, 2006
Date of publication, distribution, etc 2006.
263 ## - PROJECTED PUBLICATION DATE
Projected publication date 0607
300 ## - PHYSICAL DESCRIPTION
Extent 218 p. :
Other physical details ill. ;
Dimensions 22 cm.
504 ## - BIBLIOGRAPHY, ETC. NOTE
Bibliography, etc Includes bibliographical references and index.
505 0# - FORMATTED CONTENTS NOTE
Formatted contents note The increase in international activity by retailers / John Dawson and Masao Mukoyama -- Retail internationalisation as a process / John Dawson and Masao Mukoyama -- Building an international retail strategy / Marc Dupuis and Jean Founioux -- Inditex-Zara : re-writing the rules in apparel retailing / Steve Burt, John Dawson, and Roy Larke -- Carrefour : being aware of the domestic market! / Marc Dupuis, Sang Chul Choi, and Roy Larke -- The Boots Group Plc : rethinking the formula / Keri Davies -- Royal Ahold : multi-national, multi-channel, multi-format food provider / Steve Burt, John Dawson, and Roy Larke -- Tesco : transferring marketing success factors internationally / John Dawson, Roy Larke, and Sang Chul Choi -- The international transfer of key success factors / John Dawson and Masao Mukoyama.
650 #0 - SUBJECT ADDED ENTRY--TOPICAL TERM
Topical term or geographic name as entry element Retail trade.
9 (RLIN) 23279
650 #0 - SUBJECT ADDED ENTRY--TOPICAL TERM
Topical term or geographic name as entry element International trade.
9 (RLIN) 23280
650 #0 - SUBJECT ADDED ENTRY--TOPICAL TERM
Topical term or geographic name as entry element Strategic planning.
9 (RLIN) 23281
700 1# - ADDED ENTRY--PERSONAL NAME
Personal name Dawson, John A.
9 (RLIN) 23282
700 1# - ADDED ENTRY--PERSONAL NAME
Personal name Larke, Roy,
Dates associated with a name 1962-
9 (RLIN) 23283
700 1# - ADDED ENTRY--PERSONAL NAME
Personal name Mukoyama, Masao.
9 (RLIN) 23284
856 41 - ELECTRONIC LOCATION AND ACCESS
Materials specified Table of contents only
Uniform Resource Identifier <a href="http://www.loc.gov/catdir/toc/ecip062/2005030133.html">http://www.loc.gov/catdir/toc/ecip062/2005030133.html</a>
856 42 - ELECTRONIC LOCATION AND ACCESS
Materials specified Publisher description
Uniform Resource Identifier <a href="http://www.loc.gov/catdir/enhancements/fy0651/2005030133-d.html">http://www.loc.gov/catdir/enhancements/fy0651/2005030133-d.html</a>
942 ## - ADDED ENTRY ELEMENTS (KOHA)
Source of classification or shelving scheme Dewey Decimal Classification
Item type Book - Borrowing
Holdings
Withdrawn status Item status Source of classification or shelving scheme Damaged status Not for loan Vendor Home library Current library Shelving location Date acquired Source of acquisition Cost, normal purchase price Total Checkouts Total Renewals Full call number Barcode Date last seen Date last borrowed Koha item type
    Dewey Decimal Classification     Baccah Central Library Central Library First floor 21/04/2011   560.00 4 2 658.87 STR 000023367 15/07/2025 20/11/2013 Book - Borrowing
    Dewey Decimal Classification     Baccah Central Library Central Library First floor 21/04/2011   560.00 4 7 658.87 STR 000023368 15/07/2025 22/11/2016 Book - Borrowing
    Dewey Decimal Classification     Baccah Central Library Central Library First floor 21/04/2011   560.00 2 8 658.87 STR 000023369 15/07/2025 20/04/2017 Book - Borrowing